logo

Bir Sreshtho Munshi Abdur Rouf Library
Jhenaidah Cadet College

কাল্পনিক ও জটিল সংখ্যার ভুবনে / (Record no. 5424)

MARC details
000 -LEADER
fixed length control field 00741nam a2200229 a 4500
001 - CONTROL NUMBER
JCCL Control Number 5424
003 - CONTROL NUMBER IDENTIFIER
JCCL marc code BD-JhCC
005 - DATE AND TIME OF LATEST TRANSACTION
control field 20200319134018.0
008 - FIXED-LENGTH DATA ELEMENTS--GENERAL INFORMATION
fixed length control field 171214s2012 bg |||| || | 000 0 eng d
035 ## - SYSTEM CONTROL NUMBER
system control number (BD-JhCC)5424
040 ## - CATALOGING SOURCE
Original cataloging agency BD-JhCC
Modifying agency BD-JhCC
041 ## - LANGUAGE CODE
Language code of Book eng
082 ## - DEWEY DECIMAL CLASSIFICATION NUMBER
Classification number 510
Author mark and Year FAR 2012
100 ## - MAIN ENTRY--PERSONAL NAME
Personal name ফরহাদ, মোঃ সাইফুল ইসলাম
245 ## - TITLE STATEMENT
Title কাল্পনিক ও জটিল সংখ্যার ভুবনে /
Statement of responsibility, etc মোঃ সাইফুল ইসলাম ফরহাদ,
260 ## - PUBLICATION, DISTRIBUTION, ETC. (IMPRINT)
Place of publication, distribution, etc ঢাকা :
Name of publisher, distributor, etc অনুপম প্রকাশনী,
Date of publication, distribution, etc 2012.
300 ## - PHYSICAL DESCRIPTION
Pagination 111 p. :
Dimensions 21 cm.
650 ## - SUBJECT ADDED ENTRY--TOPICAL TERM
Topical term or geographic name as entry element Mathematics
650 ## - SUBJECT ADDED ENTRY--TOPICAL TERM
Topical term or geographic name as entry element Number
942 ## - ADDED ENTRY ELEMENTS (KOHA)
Source of classification or shelving scheme Dewey Decimal Classification
Koha item type Books
Koha issues (borrowed), all copies 4
Holdings
Source of classification or shelving scheme Damaged status Not for loan Home library Current library Shelving location Cost, normal purchase price Total Checkouts Full call number Barcode Date last seen Date checked out Copy number Koha item type Date of accession Method of acquisition Currency
Dewey Decimal Classification     JCC Rouf Library JCC Rouf Library General Stacks 140.00 2 510 FAR 2012 7658 03/25/2020 03/18/2020 C - 1 Books      
Dewey Decimal Classification     JCC Rouf Library JCC Rouf Library General Stacks 140.00 1 510 FAR 2012 7657 09/02/2024 07/29/2024 C - 2 Books 07/29/2024    
Dewey Decimal Classification     JCC Rouf Library JCC Rouf Library General Stacks 140.00   510 FAR 2012 19356 05/17/2024   C-3 Books   Purchase BDT

JCC Library | Contacts | JCC Home

Last Update on 23 September 2017
Copyright @ 2017-2020 JCC Rouf Library
Rouf Library, Jhenidah Cadet College (JCC), Bangladesh